000 00398pam a2200169a 44500
008 230405s2009 xxu||||| |||| 00| 0 eng d
041 _aENG
100 _aSukanta Nanda
245 _aEnvironmental Law
250 _a2nd . Ed.
260 _aAllahabad
_bCental Law Pub.
_c2009
300 _a488p.
440 _abharati bazar
650 _aENVIRONMENT
690 _aENVIRONMENT
906 _a2401
999 _c273380
_d273380